000
00260nam a2200097Ia 4500
008
200302s9999 xx 000 0 und d
100
_a
Marcel Breuer
245
_a
The Conteporary Aspect of Pharaonic Architecture
260
_b
Taschen Verlag Gmbh
300
_a
184 P.,
999
_c
143
_d
143